MARC

LEADER 00000nam0a2200000 4500
001 353934
005 20231102010636.0
035 |a (RuTPU)RU\TPU\retro\11192 
090 |a 353934 
100 |a 20200608d1972 km y0rusy50 ca 
101 0 |a rus 
102 |a RU 
105 |a a z 100zy 
200 1 |a Тезисы докладов московской городской конференции молодых научных работников по геологии, минералогии, геохимии и обогащению цветных, благородных металлов и алмазов (24-27 апреля 1972 г.)  |f Центральный научно-исследовательский горно-разведочный институт цветных, редких и благородных металлов ; под ред. В. А. Эпштейна 
210 |a Москва  |c [Б. и.]  |d 1972 
215 |a 176 с.  |c ил. 
606 1 |a Обогащение  |x Горное дело  |2 stltpush  |3 (RuTPU)RU\TPU\subj\46453  |9 65593 
606 1 |a Месторождения полезных ископаемых  |x Геология  |2 stltpush  |3 (RuTPU)RU\TPU\subj\42231  |9 61918 
610 1 |a конференции 
610 1 |a минералогия 
610 1 |a геохимия 
610 1 |a цветные металлы 
610 1 |a благородные металлы 
610 1 |a алмазы 
610 1 |a полиметаллические руды 
610 1 |a алмазы 
610 1 |a рудные элементы 
610 1 |a миграция 
675 |a 553(063)  |v 4 
675 |a 622.7(063)  |v 4 
702 1 |a Эпштейн  |b В. А.  |4 340 
712 0 2 |a Центральный научно-исследовательский горно-разведочный институт цветных, редких и благородных металлов  |c (Москва)  |c (1957-1972)  |2 stltpush  |3 (RuTPU)RU\TPU\col\10068  |9 24790 
712 1 2 |a Конференция молодых научных работников по геологии, минералогии, геохимии и обогащению цветных, благородных металлов и алмазов  |e Москва  |f 1972  |4 570 
801 1 |a RU  |b 63413507  |c 20200608 
801 2 |a RU  |b 63413507  |c 20201208  |g RCR 
942 |c BK